Последняя просьба: Повести, рассказы

Dades bibliogràfiques
Autor principal: Ляленков В. Д. Владимир Дмитриевич
Altres autors: Новиков М. Михаил (иллюстратор)
Sumari:Исключено из фонда НТБ ТПУ
Idioma:rus
Publicat: Ленинград, Советский писатель, 1982
Format: MixedMaterials Llibre
KOHA link:https://koha.lib.tpu.ru/cgi-bin/koha/opac-detail.pl?biblionumber=143665

MARC

LEADER 00000nam0a2200000 4500
001 143665
005 20231031143308.0
020 |a RU  |b 82-44897 
035 |a (RuTPU)RU\TPU\book\155693 
090 |a 143665 
100 |a 20080922d1982 m y0rusy5003 ca 
101 0 |a rus 
102 |a RU 
105 |a c z 000ay 
200 1 |a Последняя просьба  |e Повести, рассказы  |f В. Д. Ляленков  |g худож. М. Новиков 
210 |a Ленинград  |c Советский писатель  |d 1982 
215 |a 464 с.  |c портр. 
333 |a Исключено из фонда НТБ ТПУ 
700 1 |a Ляленков  |b В. Д.  |g Владимир Дмитриевич 
702 1 |a Новиков  |b М.  |g Михаил  |4 440 
801 0 |a RU  |b RuMRKP  |c 19950704  |g psbo 
801 1 |a RU  |b 63413507  |c 20080922  |g PSBO 
801 2 |a RU  |b 63413507  |c 20220516  |g PSBO 
942 |c BK